| 000 | 00651nam a2200181 i 4500 | ||
|---|---|---|---|
| 001 | 28793 | ||
| 003 | ES-MaACL | ||
| 005 | 20230906153929.0 | ||
| 007 | t| | ||
| 008 | 030120s1946 sp ||||1| spa d | ||
| 100 | 1 |
_aBarbado, Manuel. _925375 |
|
| 245 | 1 | 0 |
_aEstudios de Psicología Experimental / _cpor M. Barbado. |
| 260 |
_aMadrid : _b[s.n., _c1946] ( _fBolaños y Aguilar) |
||
| 300 |
_a818 p. : _b1 retr. aut., il. ; _c25 cm. |
||
| 500 | _aPrecede al tít.: Consejo Superior de Investigaciones Científicas. Instituto Luis Vives de Filosofía. | ||
| 710 | 2 |
_aInstituto de Filosofía "Luis Vives" _9169712 |
|
| 852 |
_aES-MaACL _jE-2078-9 _bR.23333 |
||
| 999 |
_c28793 _d28793 |
||